[Event "JOGA BRASIL IV Fin lemb titular!"]
[Site "http://www.queenalice.com/game.php?id=1606546"]
[Date "2020.4.8"]
[Round "-"]
[White "iceman_gobbi"]
[Black "uacaman"]
[Result "1-0"]
[WhiteElo "1534"]
[BlackElo "1628"]

1. f4 d6 2. Kf2 Nc6 3. d4 b6 4. e4 f5 5. Nc3 e5 6. Bb5 Bd7 7. dxe5 fxe4 8. Nxe4
dxe5 9. Nf3 exf4 10. Re1 Be7 11. Bxf4 Nf6 12. Nxf6+ gxf6 13. Bc4 a6 14. Bh6 b5
15. Bd5 Qb8 16. Nd4 Qb6 17. Qh5+ Kd8 18. Bxc6 Bxc6 19. Be3 Bd7 20. b4 Bxb4 21.
Re2 Bc3 22. Qd5 c6 23. Ne6+ Kc8 24. Bxb6 cxd5 25. Rd1 Re8 26. Nc7 Rxe2+ 27. Kxe2
Bg4+ 28. Kd3 Bxd1 29. Nxa8 Be5 30. h3 Kb7 31. Kd2 Bh5 32. g4 Bg6 33. Ke3 Kxa8
34. Bd4 Bxd4+ 35. Kxd4 Bf7 36. c3 Kb7 37. a3 Kc6 38. h4 Kb6 39. g5 fxg5 40. hxg5
Ka5 41. Kc5 Ka4 42. Kb6 a5 43. Kc5 Kxa3 44. Kxb5 1-0

[Event "AUTO-INT-3523"]
[Site "http://www.queenalice.com/game.php?id=1607374"]
[Date "2020.4.13"]
[Round "1"]
[White "NetoJA"]
[Black "uacaman"]
[Result "0-1"]
[WhiteElo "1656"]
[BlackElo "1676"]

1. e4 e5 2. Nc3 c6 3. Nf3 d6 4. d4 Bg4 5. dxe5 Bxf3 6. Qxf3 dxe5 7. Qh5 Qf6 8.
Bg5 Qg6 9. Qxg6 hxg6 10. f4 f6 11. Bxf6 gxf6 12. fxe5 fxe5 13. O-O-O Nd7 14. Bc4
O-O-O 15. Be6 Nf6 16. g4 Be7 17. h4 Ne8 18. h5 Rh6 19. Rhf1 gxh5 20. Bxd7+ Rxd7
21. Rxd7 Kxd7 22. gxh5 Rxh5 23. Rf7 Ke6 24. Rf2 Nd6 25. Kd2 Rh3 26. Ke2 Nc4 27.
Nd1 a5 28. b3 Nd6 29. Rf3 Rxf3 30. Kxf3 b5 31. a4 b4 32. c3 c5 33. c4 Kf6 34.
Nf2 Kg5 35. Kg3 Kh5 36. Kf3 Nf7 37. Nd3 Bd6 38. Kg3 Kg5 39. Kf3 Nh6 40. Nf2 Ng8
41. Kg3 Ne7 42. Kf3 Nc6 43. Kg3 Nd4 44. Nd1 Nxb3 45. Nb2 Nd2 0-1

[Event "AUTO-INT-3523"]
[Site "http://www.queenalice.com/game.php?id=1607375"]
[Date "2020.4.13"]
[Round "1"]
[White "uacaman"]
[Black "NetoJA"]
[Result "1-0"]
[WhiteElo "1599"]
[BlackElo "1648"]

1. e4 e5 2. Nf3 Nc6 3. Bb5 Nf6 4. Bxc6 bxc6 5. d3 d6 6. Bg5 Be7 7. Nc3 h6 8.
Bxf6 Bxf6 9. O-O O-O 10. b4 d5 11. a4 Bg4 12. h3 Bh5 13. b5 d4 14. Na2 cxb5 15.
axb5 a6 16. c4 dxc3 17. Nxc3 a5 18. Nd5 Qd6 19. g4 Bg6 20. h4 Bd8 21. h5 Bh7 22.
Qc2 Rc8 23. Rxa5 c6 24. Ra6 cxd5 25. Qxc8 Bb6 26. Rxb6 Qxb6 27. Qc6 Rb8 28. Qxd5
Qxb5 29. Nxe5 Qxd5 30. exd5 f6 31. Ng6 Rb4 32. Rd1 Rxg4+ 33. Kf1 Rd4 34. Re1
Rxd5 35. Ne7+ 1-0

[Event "AUTO-INT-3523"]
[Site "http://www.queenalice.com/game.php?id=1607390"]
[Date "2020.4.13"]
[Round "1"]
[White "altair"]
[Black "uacaman"]
[Result "0-1"]
[WhiteElo "1622"]
[BlackElo "1563"]

1. e4 e5 2. Nf3 d6 3. Nc3 Bg4 4. h3 Bxf3 5. Qxf3 Nc6 6. a3 Nd4 7. Qd3 c5 8. Be2
c4 9. Qxc4 Nxc2+ 10. Kf1 Nxa1 11. Bd3 Nf6 12. Ke2 Nc2 13. Bxc2 Be7 14. Bb3 O-O
15. Re1 a6 16. d4 exd4 17. Qxd4 Qe8 18. Kf1 Qc6 19. e5 dxe5 20. Rxe5 Rad8 21.
Qf4 Bxa3 22. Ne4 Nxe4 23. Rxe4 Bd6 24. Qe3 Bc5 25. Qf3 b5 26. Qg4 Rd4 27. Rf4
Rxf4 28. Qxf4 Bd6 29. Qg4 Qxc1+ 30. Bd1 Qxb2 31. g3 Qd2 32. Bf3 b4 33. Be4 b3
34. Qf5 g6 35. Qd5 Qxd5 36. Bxd5 b2 37. Be4 a5 38. Ke1 a4 39. Kd2 Rc8 40. f4 a3
41. Bb1 Rc1 42. Ba2 Kg7 43. h4 Kf6 0-1

[Event "AUTO-INT-3523"]
[Site "http://www.queenalice.com/game.php?id=1607391"]
[Date "2020.4.13"]
[Round "1"]
[White "uacaman"]
[Black "altair"]
[Result "0-1"]
[WhiteElo "1566"]
[BlackElo "1738"]

1. e4 e5 2. Nf3 d6 3. Nc3 a6 4. a4 h6 5. b4 Nf6 6. d4 Nc6 7. dxe5 dxe5 8. Qxd8+
Kxd8 9. b5 axb5 10. Nxb5 Nxe4 11. Bd3 Nf6 12. Bc4 Be6 13. Bxe6 Bd6 14. O-O fxe6
15. Nxd6 cxd6 16. Ba3 Na5 17. Bxd6 Nc4 18. Nxe5 Nxd6 19. Rad1 Kc7 20. c4 Rxa4
21. Rxd6 Kxd6 22. Nf7+ Ke7 23. Nxh8 Rxc4 24. Rd1 Ng4 25. h3 Ne5 26. g3 Kf6 27.
h4 Rc8 28. f4 Ng4 29. Rb1 Rxh8 30. Rxb7 Rd8 31. Rb2 Rd3 32. Kg2 Ne3+ 33. Kf2 Ra3
34. Re2 Nf5 35. g4 Nxh4 36. Re3 Rxe3 37. Kxe3 e5 38. Ke4 exf4 39. Kxf4 g5+ 40.
Ke4 Kg6 41. Ke5 Nf3+ 42. Ke4 Nh2 43. Ke3 Nxg4+ 44. Kf3 h5 45. Kg3 Kf5 46. Kf3 h4
47. Kg2 Kf4 48. Kh3 Nf2+ 49. Kg2 Ke3 0-1

[Event "AUTO-INT-3523"]
[Site "http://www.queenalice.com/game.php?id=1607402"]
[Date "2020.4.13"]
[Round "1"]
[White "uacaman"]
[Black "Ruusgugg"]
[Result "1-0"]
[WhiteElo "1708"]
[BlackElo "1379"]

1. e4 Nc6 2. d4 e5 3. d5 Nce7 4. Bc4 c5 5. Nc3 d6 6. Nf3 f5 7. Bg5 fxe4 8. Nxe4
h6 9. Bxe7 Qxe7 10. O-O Bf5 11. Bb5+ Kd8 12. Ng3 Bd7 13. Bxd7 Qxd7 14. c4 h5 15.
Ne4 Nf6 16. Nxf6 Qf5 17. Nxh5 Qxh5 18. Qd2 e4 19. Qg5+ Qxg5 20. Nxg5 Kc7 21.
Nxe4 Re8 22. Ng5 Re5 23. Nf7 Rh7 24. Nxe5 dxe5 25. Rfe1 Kd6 26. Re3 Rh4 27. Rae1
a6 28. Rxe5 Kd7 29. R1e4 Rxe4 30. Rxe4 g5 31. f4 g4 32. f5 b5 33. b3 bxc4 34.
bxc4 a5 35. Rxg4 Ke7 36. Rg6 Kf7 37. Ra6 a4 38. Re6 1-0

[Event "AUTO-INT-3523"]
[Site "http://www.queenalice.com/game.php?id=1607403"]
[Date "2020.4.13"]
[Round "1"]
[White "Ruusgugg"]
[Black "uacaman"]
[Result "0-1"]
[WhiteElo "1323"]
[BlackElo "1723"]

1. e4 e5 2. Nc3 Nc6 3. a3 Nf6 4. g4 h6 5. h4 Nd4 6. Nf3 Nxf3+ 7. Qxf3 d6 8. Nd5
Nxg4 9. Bc4 Nf6 10. Nxf6+ gxf6 11. b4 h5 12. Rg1 a6 13. Qb3 Be6 14. Bxe6 fxe6
15. Qxe6+ Qe7 16. Qf5 b5 17. a4 c6 18. axb5 cxb5 19. Rg6 Bg7 20. c4 Kf7 21. Bb2
bxc4 22. b5 axb5 23. Rb1 Rh6 24. Rxh6 Bxh6 25. Qh7+ Bg7 26. Ke2 Ke6 27. Ra1 Rxa1
28. Bxa1 d5 29. Qxh5 d4 30. d3 c3 31. Qf5+ Kd6 32. Qc8 Qc7 33. Qa6+ Qc6 34. Qa2
b4 35. Qf7 c2 36. Bb2 Qd7 37. Qd5+ Ke7 38. Qc5+ Kf7 39. Qxc2 Qg4+ 40. Ke1 Qxh4
41. Qb3+ Kg6 42. Qxb4 Bh6 43. Qd6 Qf4 44. Ke2 Qd2+ 45. Kf1 Qxb2 46. Kg2 Qd2 47.
Qa6 Be3 0-1

[Event "Challenge"]
[Site "http://www.queenalice.com/game.php?id=1610483"]
[Date "2020.5.2"]
[Round "-"]
[White "iceman_gobbi"]
[Black "uacaman"]
[Result "0-1"]
[WhiteElo "1443"]
[BlackElo "1713"]

1. d4 d5 2. Nc3 e6 3. Nf3 Nc6 4. e4 dxe4 5. Nxe4 Nf6 6. Nxf6+ Qxf6 7. Bg5 Qg6 8.
Bd3 f5 9. Qe2 Bd7 10. h4 h6 11. h5 Nxd4 12. Nxd4 Qxg5 13. Bxf5 Bb4+ 14. c3 O-O-O
15. Nxe6 Qxf5 16. Nxd8 Re8 17. Qxe8 Bxe8 18. Rd1 Qe4+ 19. Kd2 Bd6 20. f3 Bf4#
0-1

[Event "Invitation"]
[Site "http://www.queenalice.com/game.php?id=1615087"]
[Date "2020.6.4"]
[Round "-"]
[White "uacaman"]
[Black "iceman_gobbi"]
[Result "0-1"]
[WhiteElo "1656"]
[BlackElo "1512"]

1. e4 d5 2. e5 Nc6 3. d4 e6 4. Bb5 Bd7 5. Nc3 Bb4 6. Bd2 f6 7. exf6 Qxf6 8. Nf3
Nxd4 9. Bxd7+ Kxd7 10. O-O Nxf3+ 11. Qxf3 Qxf3 12. gxf3 Nh6 13. Rae1 Rhf8 14.
Bxh6 gxh6 15. Re5 Rxf3 16. Ne2 Bc5 17. Rh5 Rg8+ 18. Ng3 Rgf8 19. Kg2 Rxf2+ 0-1

[Event "Invitation"]
[Site "http://www.queenalice.com/game.php?id=1615088"]
[Date "2020.6.4"]
[Round "-"]
[White "iceman_gobbi"]
[Black "uacaman"]
[Result "1-0"]
[WhiteElo "1572"]
[BlackElo "1582"]

1. Nf3 Nc6 2. e4 e5 3. Bb5 Nd4 4. Nxd4 exd4 5. Qg4 Nf6 6. Qh4 Be7 7. e5 Nd5 8.
Qxd4 O-O 9. Qxd5 c6 10. Bxc6 bxc6 11. Qf3 Bb7 12. O-O Qc7 13. Qc3 Rae8 14. d4 d6
15. Be3 d5 16. Bf4 a5 17. Qg3 1-0

[Event "Invitation"]
[Site "http://www.queenalice.com/game.php?id=1615089"]
[Date "2020.6.4"]
[Round "-"]
[White "uacaman"]
[Black "iceman_gobbi"]
[Result "0-1"]
[WhiteElo "1603"]
[BlackElo "1554"]

1. e4 e5 2. Nf3 d6 3. d3 Nc6 4. Be2 d5 5. exd5 Nd4 6. Nxd4 exd4 7. O-O Nf6 8.
Bf4 Nxd5 9. Be5 c5 10. c3 Qg5 11. cxd4 Nf4 12. Bxf4 Qxf4 13. dxc5 Bxc5 14. g3
Qd4 15. Nc3 Bh3 16. Qa4+ Qxa4 17. Nxa4 Bxf1 18. Kxf1 Bd4 0-1

[Event "Invitation"]
[Site "http://www.queenalice.com/game.php?id=1615090"]
[Date "2020.6.4"]
[Round "-"]
[White "iceman_gobbi"]
[Black "uacaman"]
[Result "1-0"]
[WhiteElo "1488"]
[BlackElo "1690"]

1. Nf3 d5 2. d4 Nc6 3. Nc3 Nf6 4. e4 Bg4 5. exd5 Nxd5 6. Nxd5 Qxd5 7. Be2 Bxf3
8. Bxf3 Qe6+ 9. Be3 Qc4 10. Be2 Qb4+ 11. Qd2 Qxb2 12. O-O O-O-O 13. Rfb1 Qa3 14.
Rb3 Qd6 15. Qd3 e5 16. Bg4+ 1-0

[Event "Invitation"]
[Site "http://www.queenalice.com/game.php?id=1615099"]
[Date "2020.6.4"]
[Round "-"]
[White "uacaman"]
[Black "iceman_gobbi"]
[Result "0-1"]
[WhiteElo "1583"]
[BlackElo "1582"]

1. e4 e5 2. Nf3 Nc6 3. c3 d5 4. d3 dxe4 5. dxe4 Qxd1+ 6. Kxd1 Bd7 7. Bd3 O-O-O
8. Be3 Re8 9. Nbd2 Nh6 10. h3 f5 11. exf5 Nxf5 12. Ng5 Nxe3+ 13. fxe3 Bc5 14.
Ke2 Ref8 15. Nge4 Be7 16. Rhf1 Rxf1 17. Rxf1 Be6 18. a3 a6 19. Ng5 Kd8 20. Bxa6
b6 21. Nxe6+ Kd7 22. Nxg7 Rg8 0-1

[Event "Invitation"]
[Site "http://www.queenalice.com/game.php?id=1615100"]
[Date "2020.6.4"]
[Round "-"]
[White "iceman_gobbi"]
[Black "uacaman"]
[Result "1-0"]
[WhiteElo "1443"]
[BlackElo "1730"]

1. Nf3 Nc6 2. d4 d5 3. e3 Bg4 4. h3 Bxf3 5. Qxf3 Nf6 6. Nc3 e6 7. Bd3 Bb4 8. Bd2
Qe7 9. O-O O-O-O 10. a3 Bxc3 11. Bxc3 g6 12. Rad1 h5 13. e4 dxe4 14. Bxe4 Nxe4
15. Qxe4 f5 16. Qe3 Rd5 17. Rfe1 Qf6 18. Qxe6+ Qxe6 19. Rxe6 Rg8 20. b4 a6 21.
a4 Nd8 22. Re5 Rxe5 23. dxe5 Ne6 24. g3 f4 25. Rd3 g5 26. g4 h4 27. Bd2 Rd8 28.
Kg2 c5 29. Rd6 Rxd6 30. exd6 Kd7 31. bxc5 Nxc5 32. a5 Kxd6 33. Bb4 Kd5 34. Kf3
Ne4 35. Ke2 1-0